Kmit časopis zamestnancov SSE v Banskej Bystrici
| Format: | Journal |
|---|---|
| Language: | Slovak |
| PhysicalDescription: | 6 zv. 31 cm |
| Published: |
Banská Bystrica
ZO ROH SSE
1950-1955
Banská Bystrica ZO KSS, ZS ROH, ZS ČSM a vedenie podniku SSE Banská Bystrica ZO KSS, ZS ROH, ZS ČSM a vedenie Energotrust Bratislava, rozvodový závod, sídlo v Banskej Bystrici |
| Subjects: |
MARC
| LEADER | 00000cas a2200000 a 4500 | ||
|---|---|---|---|
| 001 | vtls010301434 | ||
| 003 | SK-MaSNL | ||
| 005 | 20260228163226.0 | ||
| 008 | 110810d19501955xo br|p 0 b0slo | ||
| 035 | |a (SVKBB03)vtls000137906 | ||
| 040 | |a SNK |b slo |c SNK |e AACR2 | ||
| 041 | 0 | |a slo | |
| 044 | |a xo |c SK | ||
| 072 | 7 | |a 620.9 |x Energetika |2 konspekt | |
| 072 | 7 | |a 621.3 |x Elektrotechnika |2 konspekt | |
| 080 | |a 620.9 |2 2001 | ||
| 080 | |a 050 |2 2001 | ||
| 080 | |a 621.31 |2 2001 | ||
| 245 | 0 | 0 | |a Kmit |b časopis zamestnancov SSE v Banskej Bystrici |
| 260 | |a Banská Bystrica |b ZO ROH SSE |c 1950-1955 | ||
| 260 | 2 | |3 6/1953-9/1953 |a Banská Bystrica |b ZO KSS, ZS ROH, ZS ČSM a vedenie podniku SSE | |
| 260 | 3 | |3 1954-1955 |a Banská Bystrica |b ZO KSS, ZS ROH, ZS ČSM a vedenie Energotrust Bratislava, rozvodový závod, sídlo v Banskej Bystrici | |
| 300 | |a 6 zv. |c 31 cm | ||
| 310 | |a 2x mesačne |b 5/1955-8/1955 | ||
| 321 | |a 6x ročne |b 19/1951-4/1954 | ||
| 321 | |a 1x mesačne |b 5/1950-9/1950 |b 1953-4/1955 | ||
| 321 | |a 2x mesačne |b 1951-18/1951 |b 1950-4/1950 | ||
| 362 | 0 | |a Roč. I, č. 1 (1950)-roč. VI, č. 8 (1955) | |
| 500 | |a Podnázov: od 1/1953 časopis zamestnancov SSE, od 1/1954 časopis zamestnancov Energotrust, n. p. Bratislava - Rozvodový závod, sídlo Banská Bystrica | ||
| 500 | |a Redaktori sa menia | ||
| 500 | |a Tlač. Kníhtlačiareň Grafia, od 5/1950 Stredoslov. tlačiarne v Banskej Bystrici, od 7/1951 Stredoslov. tlačiarne záv. 2, od 1/1953 Pohronské tlačiarne v Banskej Bystrici | ||
| 500 | |a Roč. 3/1952 sa v knižniciach nezachoval | ||
| 515 | |a Niektoré čísla vychádzajú ako dvojčíslo | ||
| 650 | 0 | 7 | |a energetika |2 SNKPH |9 3680 |
| 650 | 0 | 7 | |a elektroenergetika |2 SNKPH |9 15219 |
| 655 | 7 | |a podnikové časopisy |2 SNKPH |9 265225 | |
| 910 | |a snk | ||
| 916 | |a 1950-1951,1953-1955 | ||
| 999 | |c 9053 |d 10983 | ||
| 952 | |0 0 |1 0 |4 0 |7 0 |a SNK |b SNK |d 2015-03-03 |f 1 |l 0 |o snkČSB 978/2/1951 |p 17A0749657 |r 2026-02-21 21:04:45 |t č. 1-20 |w 2026-02-21 |y PREZ |z prír. č. orezané | ||
| 952 | |0 0 |1 0 |4 0 |7 0 |a SNK |b SNK |d 2015-03-03 |f 1 |i snk411/54 |l 0 |o snkČSB 978/4/1953 |p 17A0749653 |r 2026-02-21 21:04:45 |t č. 1-8,+mim.č. |w 2026-02-21 |y PREZ | ||
| 952 | |0 0 |1 0 |4 0 |7 0 |a SNK |b SNK |d 2015-03-03 |f 1 |l 0 |o snkČSB 978/5/1954 |p 17A0749658 |r 2026-02-21 21:04:45 |t č. 1-12,+mim.č. |w 2026-02-21 |y PREZ |z bez prír. č. | ||
| 952 | |0 0 |1 0 |4 0 |7 0 |a SNK |b SNK |d 2015-03-03 |f 1 |i snkČSP 320/56 |l 0 |o snkČSB 978/6/1955 |p 17A0749659 |r 2026-02-21 21:04:45 |t č. 1-8 |w 2026-02-21 |y PREZ | ||
| 952 | |0 0 |1 0 |4 0 |7 0 |a SNK |b SNK |d 2008-12-06 |f 1 |i snk180/51 |l 0 |o snkČSB 978/1/1950 |p 17A0606202 |r 2026-02-21 21:23:06 |t č. 1-9, neúpl. |w 2026-02-21 |y PREZ |z chýba č. 8 | ||


